Potatoes 12 Ways - Statistics

General Stats
  • This quiz has been taken 278 times
    274 since last reset
  • The average score is 9 of 12
Answer Stats
Picture Hint Answer % Correct
Potato Chips/Crisps
100%
Mashed Potato/Potato Mash
98%
French Fries/Chips
96%
Baked Potato/Jacket Potato
95%
Hashbrowns
79%
Curly Fries
73%
Potato Salad
67%
Tater Tots
66%
Canadian National Dish Poutine
55%
Italian Favorite Gnocchi
53%
Latkes/Potato Pancake/Latkas
46%
Sports Bar Food Potato Skins
40%
No matching quizzes found
Score Distribution
Percent of People with Each Score
Percentile by Number Answered
Your Score History
You have not taken this quiz since the last reset